03351nam a22003017a 4500003000400000020001800004082001500022100002000037245002700057250000800084260002800092300000800120650002000128653106600148942001601214952015401230952016601384952016601550952016601716952015601882952016802038952016802206952016802374952015602542952016802698952016802866999001503034SGT a9780198077053 a651.74,RAM aRAMAN,MEENAKSHI aBUSINESS COMMUNICATION a2ND aNEW DELHIbOXFORDc2015 a650 aOFFICE SERVICES aPART I UNDERSTANDING BUSINESS COMMUNICATION Chapter 1. Nature and Scope of Communication Chapter 2. Non-verbal Communication Chapter 3. Cross-cultural Communication Chapter 4. Technology-enabled Business Communication PART II WRITING BUSINESS MESSAGES AND DOCUMENTS Chapter 5. Business Writing Chapter 6. Business Correspondence Chapter 7. Instructions Chapter 8. Business Reports and Proposals Chapter 9. Careers and Résumés PART III DEVELOPING ORAL COMMUNICATION SKILLS FOR BUSINESS Chapter 10. Effective Listening Chapter 11. Business Presentations and Public Speaking Chapter 12. Conversations Chapter 13. Interviews Chapter 14. Meetings and Conferences Chapter 15. Group Discussions and Team Presentations Chapter 16. Team Briefing PART IV UNDERSTANDING SPECIFIC COMMUNICATION NEEDS Chapter 17. Communication across Functional Chapter 18. Corporate Communication Chapter 19. Persuasive Strategies in Business Communication Chapter 20. Ethics in Business Communication Chapter 21. Business Communication Aids 2ddccFCM08 00102ddc40708CMaSSSLbSSSLcDISPLAYd2016-06-04eIBH g450.00iSGTUl1o651.74,RAMpCM10r2024-09-13 00:00:00s2024-09-13w2013-08-25yFCMk8777 00102ddc40708CMaSSSLbSSSLcDISPLAYd2016-06-04eKIRTI PRAKASHANg475.00iSGTUl3o651.74,RAMpCM1145r2024-10-11 00:00:00s2024-06-13w0000-00-00yFCMk730 00102ddc40708CMaSSSLbSSSLcDISPLAYd2016-06-04eKIRTI PRAKASHANg475.00iSGTUl1o651.74,RAMpCM1146r2022-02-19 00:00:00s2022-02-11w0000-00-00yFCMk730 00102ddc40708CMaSSSLbSSSLcDISPLAYd2016-06-04eKIRTI PRAKASHANg475.00iSGTUl3o651.74,RAMpCM1147r2024-04-15 00:00:00s2024-04-04w0000-00-00yFCMk730 00102ddc40708CMaSSSLbSSSLcDISPLAYd2016-06-04eKIRTI PRAKASAHANg550.00iSGTUl0o651.74,RAMpCM1376r2016-06-04 00:00:00w2015-11-20yFCMk3241 00102ddc40708CMaSSSLbSSSLcDISPLAYd2016-06-04eKIRTI PRAKASAHANg550.00iSGTUl1o651.74,RAMpCM1377r2017-10-26 00:00:00s2017-09-25w2015-11-20yFCMk3241 00102ddc40708CMaSSSLbSSSLcDISPLAYd2016-06-04eKIRTI PRAKASAHANg550.00iSGTUl1o651.74,RAMpCM1378r2022-02-19 00:00:00s2022-02-11w2015-11-20yFCMk3241 00102ddc40708CMaSSSLbSSSLcDISPLAYd2016-06-04eKIRTI PRAKASAHANg550.00iSGTUl1o651.74,RAMpCM1379r2019-09-30 00:00:00s2019-09-12w2015-11-20yFCMk3241 00102ddc40708CMaSSSLbSSSLcDISPLAYd2016-06-04eKIRTI PRAKASAHANg550.00iSGTUl0o651.74,RAMpCM1380r2016-06-04 00:00:00w2015-11-20yFCMk3241 00102ddc40708CMaSSSLbSSSLcDISPLAYd2016-06-04eKIRTI PRAKASAHANg550.00iSGTUl3o651.74,RAMpCM1381r2017-12-29 00:00:00s2017-12-22w2015-11-20yFCMk3241 00102ddc40708CMaSSSLbSSSLcDISPLAYd2016-06-04eKIRTI PRAKASAHANg550.00iSGTUl2o651.74,RAMpCM1382r2022-02-19 00:00:00s2022-02-17w2015-11-20yFCMk3241 c8952d8952